Hải dương học và biển Việt Nam

Sách giới thiệu những kiến thức cơ bản về khoa học hải dương và về vị trí địa lý, cấu tạo địa chất, chế độ khí tượng, thủy văn (chế độ sóng gió, nhiệt độ, độ muối, dòng chảy, thủy triều...) của biển Đông....

Full description

Saved in:
Bibliographic Details
Main Author: Nguyễn, Văn Phòng
Format: Book
Language:Undetermined
Published: Hà Nội Giáo Dục 1998
Subjects:
Tags: Add Tag
No Tags, Be the first to tag this record!
Institutions: Trung tâm Học liệu Trường Đại học Cần Thơ
LEADER 00895nam a2200205Ia 4500
001 CTU_36280
008 210402s9999 xx 000 0 und d
020 |c 15600 
082 |a 551.46 
082 |b Ph431 
100 |a Nguyễn, Văn Phòng 
245 0 |a Hải dương học và biển Việt Nam 
245 0 |c Nguyễn Văn Phòng 
260 |a Hà Nội 
260 |b Giáo Dục 
260 |c 1998 
520 |a Sách giới thiệu những kiến thức cơ bản về khoa học hải dương và về vị trí địa lý, cấu tạo địa chất, chế độ khí tượng, thủy văn (chế độ sóng gió, nhiệt độ, độ muối, dòng chảy, thủy triều...) của biển Đông. 
650 |a Oceanography 
904 |i Bạch Trúc 
980 |a Trung tâm Học liệu Trường Đại học Cần Thơ